| 000 | 00781nam a2200229Ia 4500 | ||
|---|---|---|---|
| 008 | 191130s2008##################000#0#eng## | ||
| 020 | _a9783110185904 | ||
| 022 | _a2008031309 | ||
| 040 |
_aACL _cACL |
||
| 082 | _a496 GUL | ||
| 100 | _aGüldemann, Tom | ||
| 245 |
_aQuotative indexes in African languages : a synchronic and diachronic survey _cby Tom Güldemann |
||
| 260 |
_aBerlin ; New York _bMouton de Gruyter _c2008 |
||
| 300 | _axxi, 686 p. : ill. ; 24 cm | ||
| 500 | _aIncludes bibliographical references (p. [612]-654) and index | ||
| 650 | _aAfrican languages - Classification | ||
| 650 | _aAfrican languages - Discourse analysis | ||
| 650 | _aAfrican languages - Indexes | ||
| 990 | _a9344f501ac10000c198f2c6e15108498 | ||
| 991 | _a416644 | ||
| 999 |
_c48965 _d48965 |
||